00626nam a2200205Ia 4500003000400000005001700004008004100021040000700062041001200069082001700081100003100098245003300129260004800162300001200210365001300222906003800235942001200273999001900285952011600304OSt20251004161536.0210423s2005 xx 000 0 und d cAL aEnglish a302.2 bIMSC aSAJNANI (Kamlesh).9123377 aCommunication skills builder aMumbaibIMS Learning Resource Pvt Ltdc2005 a244bPB b150cINR abuilder. ; Communication ; skills 2ddccBK c174280d174280 001040708MSWaSACPGbSACPGd2021-04-26g150.00l0o302.2 IMSCpPG020952r2022-08-24 00:00:00w2021-04-26yBK